| 000 | 00711nam a22001937a 4500 | ||
|---|---|---|---|
| 999 |
_c1122 _d1122 |
||
| 003 | AR-CdUCM | ||
| 008 | 190226b ||||| |||| 00| 0 spa d | ||
| 040 |
_aMUNICIPALIDAD PROVINCIAL DEL CUSCO _cBIBLIOTECA MUNICIPAL DEL CUSCO |
||
| 082 |
_a345.7 / _bM84 |
||
| 100 |
_aMonroy Gálvez, Juan _94394 |
||
| 245 |
_aCódigo procesal civil : _bconcordado / |
||
| 260 |
_aPerú : _bNormas Legales , _c1993. |
||
| 300 |
_a323 páginas ; _c25 cm. |
||
| 505 | _aJurisdicción, acción y competencia -- sujetos de proceso -- Actividad procesal -- Postulante del proceso -- Procesos contenciosos... | ||
| 650 |
_aDerecho. _9739 |
||
| 650 |
_aCódigo Proceso Civil. _94395 |
||
| 942 |
_2ddc _cLIBROS |
||
| 945 |
_awfj _d2019-02-26 |
||